LDR 00893naa#a2200217#i#450# 001 EN\\bibl\126612 005 20260703060820.5 011 ## _a2222-7962 100 ## _a20260628b2026####ek#y0engy0150####ca 102 ## _aRU 200 1# _aAssessment of the performance of a skid trail on a slope considering the reinforcing effect of a root-saturated soil layer under the interaction of the wheels of a forest machine _eJournal article 210 1# _aVoronezh _cFSBE Institution of Higher Education Voronezh State University of Forestry and Technologies named after G.F. Morozov _d2026 215 ## _a10 с. 608 ## _aJournal article _2local 675 ## _aЛесное хозяйство. Лесоводство. 630 _z 700 #1 _aShapiro _gVladimir Yakovlevich 700 #1 _aGrigor'ev _gI. V. 700 #1 _aRyzhov _gYa. A. 700 #1 _aTikhonov _gE. 700 #1 _aPerfil'ev _gPavel Nikolaevich 856 4# _anaukaru.ru _u